[Event "Parana-chT 61st"]
[Site "Londrina"]
[Date "2018.09.26"]
[Round "5.2"]
[White "Palozi, Paulo Ricardo"]
[Black "Gatelli, Jacson Henrique"]
[Result "1-0"]
[WhiteElo "2298"]
[BlackElo "1885"]
[PlyCount "113"]
[EventDate "2018.09.24"]
[EventType "team-tourn"]
[EventRounds "5"]
[EventCountry "BRA"]
[SourceTitle "CBM 187 Extra"]
[Source "ChessBase"]
[SourceDate "2018.11.04"]
[SourceVersion "1"]
[SourceVersionDate "2018.11.04"]
[SourceQuality "1"]
[WhiteTeam "Ponta Grossa"]
[BlackTeam "Foz do Iguacu"]
[WhiteTeamCountry "BRA"]
[BlackTeamCountry "BRA"]

1. d4 d5 2. c4 e6 3. cxd5 exd5 4. Nc3 Nf6 5. Bg5 Be7 6. e3 c6 7. Bd3 h6 8. Bf4 0-0 9. Nge2 Be6 10. 0-0 Nbd7 11. Bc2 Re8 12. Qd3 Rc8 13. f3 Nf8 14. Rad1 Bd6 15. e4 dxe4 16. fxe4 Bxf4 17. Nxf4 Qb6 18. Kh1 Bg4 19. Rd2 Nh5 20. Bb3 Nxf4 21. Bxf7+ Kxf7 22. Rxf4+ Kg8 23. Rxg4 Ne6 24. e5 Rf8 25. Ne4 Kh8 26. Nd6 Rc7 27. h4 Qa5 28. a3 Qd5 29. b4 b6 30. Qe3 a5 31. Rf2 Rxf2 32. Qxf2 Qb3 33. Kh2 Qd3 34. bxa5 bxa5 35. Qf3 Qxf3 36. gxf3 h5 37. Re4 Ra7 38. f4 g6 39. f5 gxf5 40. Nxf5 Rf7 41. Ng3 Rf2+ 42. Kg1 Rd2 43. Nxh5 Rxd4 44. Rxd4 Nxd4 45. Kf2 Kg8 46. Nf4 Nf5 47. h5 Kh7 48. Kf3 Kh6 49. Ke4 Ne7 50. e6 Kg5 51. Ke5 Nf5 52. Ng6 Ng7 53. Nf4 Ne8 54. e7 a4 55. Ke6 Ng7+ 56. Kd7 c5 57. Ne6+ 1-0

[Event "Curitiba IM"]
[Site "Curitiba"]
[Date "2017.05.20"]
[Round "9"]
[White "De Borba, Guilherme"]
[Black "Palozi, Paulo Ricardo"]
[Result "0-1"]
[WhiteElo "2232"]
[BlackElo "2314"]
[PlyCount "106"]
[EventDate "2017.05.15"]
[EventType "tourn"]
[EventRounds "9"]
[EventCountry "BRA"]
[EventCategory "2"]
[SourceTitle "CBM 178 Extra"]
[Source "ChessBase"]
[SourceDate "2017.06.22"]
[SourceVersion "1"]
[SourceVersionDate "2017.06.22"]
[SourceQuality "1"]

1. d4 d5 2. Nf3 Nf6 3. c4 c6 4. cxd5 cxd5 5. Nc3 e6 6. Bf4 Nh5 7. Bd2 Nc6 8. e3 Bd6 9. Ne5 Nf6 10. f4 Nd7 11. Bd3 Qh4+ 12. g3 Qe7 13. 0-0 g6 14. Qa4 Nb6 15. Nxc6 bxc6 16. Qxc6+ Bd7 17. Qb7 0-0 18. Qa6 Rfb8 19. Nb5 Bxb5 20. Bxb5 Nc8 21. Rac1 Bb4 22. Bc3 Bxc3 23. bxc3 Nd6 24. Bd3 Rb6 25. Qa3 Qc7 26. Rb1 Rc6 27. Rb3 Rc8 28. Rc1 Kg7 29. Qb2 h5 30. Kg2 Qd8 31. Qe2 Qa5 32. Qb2 h4 33. gxh4 Rd8 34. Qf2 Rcc8 35. Rc2 Rh8 36. Qg3 Qc7 37. Qg5 Rh5 38. Qg3 Qe7 39. Rf2 Rxh4 40. f5 exf5 41. Rf4 Rh5 42. Kh1 Rch8 43. Rf2 Ne4 44. Bxe4 Qxe4+ 45. Kg1 Rh3 46. Qe5+ Qxe5 47. dxe5 Rxe3 48. Rb7 Ra8 49. Rc7 Rxe5 50. Rb2 a6 51. Rbb7 Rf8 52. Rb6 Re2 53. Rxa6 Rb8 0-1

[Event "Curitiba IM"]
[Site "Curitiba"]
[Date "2017.05.19"]
[Round "7"]
[White "Palozi, Paulo Ricardo"]
[Black "Villalba, Marcelo"]
[Result "0-1"]
[WhiteElo "2314"]
[BlackElo "2288"]
[PlyCount "90"]
[EventDate "2017.05.15"]
[EventType "tourn"]
[EventRounds "9"]
[EventCountry "BRA"]
[EventCategory "2"]
[SourceTitle "CBM 178 Extra"]
[Source "ChessBase"]
[SourceDate "2017.06.22"]
[SourceVersion "1"]
[SourceVersionDate "2017.06.22"]
[SourceQuality "1"]

1. d4 Nf6 2. c4 g6 3. Nc3 Bg7 4. e4 0-0 5. Nf3 d6 6. Be2 c5 7. d5 e6 8. h3 exd5 9. exd5 Re8 10. Be3 Bf5 11. g4 Rxe3 12. fxe3 Be4 13. 0-0 Bxf3 14. Bxf3 Qe7 15. Qe2 Nfd7 16. Ne4 Nf6 17. Ng3 Nbd7 18. Bg2 Bh6 19. e4 Bg5 20. Qf3 Ne5 21. Qc3 Bh4 22. Ne2 h5 23. Rxf6 Qxf6 24. Rf1 Qg5 25. gxh5 Qxh5 26. Nf4 Qg5 27. Ne2 Rb8 28. Kh1 b5 29. cxb5 Rxb5 30. b3 a5 31. Rb1 a4 32. Ra1 Rb4 33. Rb1 axb3 34. a3 Rb8 35. Rxb3 Rxb3 36. Qxb3 Kg7 37. Qc3 Qh5 38. Qc2 Qh6 39. Qc3 Qh5 40. Qc2 Qh6 41. Qc3 Bf6 42. a4 c4 43. a5 Nd3 44. Qxc4 Qe3 45. e5 Nf2+ 0-1

[Event "Curitiba IM"]
[Site "Curitiba"]
[Date "2017.05.17"]
[Round "4"]
[White "Perdomo, Leandro Daniel"]
[Black "Palozi, Paulo Ricardo"]
[Result "1/2-1/2"]
[WhiteElo "2462"]
[BlackElo "2314"]
[PlyCount "90"]
[EventDate "2017.05.15"]
[EventType "tourn"]
[EventRounds "9"]
[EventCountry "BRA"]
[EventCategory "2"]
[SourceTitle "CBM 178 Extra"]
[Source "ChessBase"]
[SourceDate "2017.06.22"]
[SourceVersion "1"]
[SourceVersionDate "2017.06.22"]
[SourceQuality "1"]

1. d4 d5 2. c4 c6 3. Nf3 Nf6 4. e3 g6 5. Bd3 Bg7 6. 0-0 0-0 7. h3 Nbd7 8. Nc3 dxc4 9. Bxc4 Qc7 10. b3 e5 11. Ba3 exd4 12. Bxf8 Nxf8 13. Nxd4 N6d7 14. Rc1 Ne5 15. Be2 Qe7 16. Ne4 a6 17. Qc2 Ne6 18. Nxe6 Bxe6 19. Nc5 Bc8 20. f4 Nd7 21. Qe4 Qf8 22. Nxd7 Bxd7 23. Rfd1 Bf5 24. Qf3 Qe7 25. Bd3 Bd7 26. e4 Bd4+ 27. Kh1 c5 28. e5 Rb8 29. Be4 b6 30. b4 Ba4 31. Bc2 Bd7 32. Bb3 Kg7 33. Rc2 Bf5 34. Rcd2 Rd8 35. bxc5 bxc5 36. Bc4 a5 37. e6 Bxe6 38. Re2 Qf6 39. Bxe6 fxe6 40. Rb1 Rf8 41. Rb7+ Kh6 42. Re4 Rf7 43. Rxf7 Qxf7 44. Qg4 e5 45. a4 Qf5 1/2-1/2

[Event "Curitiba IEP&Copel op"]
[Site "Curitiba"]
[Date "2017.05.14"]
[Round "6"]
[White "Palozi, Paulo Ricardo"]
[Black "Oliveira, Jonathan De"]
[Result "1/2-1/2"]
[WhiteElo "2314"]
[BlackElo "2166"]
[PlyCount "140"]
[EventDate "2017.05.12"]
[EventType "swiss"]
[EventRounds "6"]
[EventCountry "BRA"]
[SourceTitle "CBM 178 Extra"]
[Source "ChessBase"]
[SourceDate "2017.06.22"]
[SourceVersion "1"]
[SourceVersionDate "2017.06.22"]
[SourceQuality "1"]

1. d4 Nf6 2. c4 e6 3. Nc3 Bb4 4. Bd2 b6 5. Nf3 Bb7 6. e3 0-0 7. Bd3 c5 8. dxc5 bxc5 9. Qc2 Nc6 10. a3 Ba5 11. 0-0 Bc7 12. Rfd1 a6 13. Be1 Qe7 14. Rab1 Rab8 15. Ne2 h6 16. b4 cxb4 17. axb4 d5 18. b5 axb5 19. cxb5 Ne5 20. Nxe5 Bxe5 21. Bb4 Bd6 22. Qb2 Ng4 23. Ng3 Bxb4 24. Qxb4 Qxb4 25. Rxb4 Ne5 26. Be2 Rfc8 27. Rdb1 Kf8 28. Bd1 Ke7 29. Ne2 Kd6 30. Nd4 g6 31. Be2 Nd7 32. h4 e5 33. Nb3 Nc5 34. Nd2 Ra8 35. f4 e4 36. Nb3 Ra3 37. Kf2 Ra2 38. Nxc5 Rxc5 39. R1b2 Rc2 40. Rxa2 Rxa2 41. Rb1 Bc8 42. Ke1 Bb7 43. g4 Ra3 44. Kf2 Ra2 45. h5 gxh5 46. gxh5 Bc8 47. Rg1 Bd7 48. b6 Rb2 49. b7 Kc7 50. Rg8 Kxb7 51. Ke1 Rb6 52. Kd2 Kc7 53. Rf8 Rf6 54. Kc3 Kd6 55. Kd4 Ke7 56. Ra8 Rd6 57. Ra7 Ke6 58. Ra5 f5 59. Bf1 Be8 60. Be2 Bd7 61. Rc5 Bc6 62. Bd1 Be8 63. Rc7 Rc6 64. Rxc6+ Bxc6 65. Kc5 Be8 66. Be2 Ba4 67. Kb4 Bc2 68. Kc3 Ba4 69. Kb4 Bc2 70. Kc3 Ba4 1/2-1/2

[Event "Curitiba IEP&Copel op"]
[Site "Curitiba"]
[Date "2017.05.12"]
[Round "1"]
[White "Da Silva, Daniel Pereira"]
[Black "Palozi, Paulo Ricardo"]
[Result "0-1"]
[WhiteElo "1778"]
[BlackElo "2314"]
[PlyCount "72"]
[EventDate "2017.05.12"]
[EventType "swiss"]
[EventRounds "6"]
[EventCountry "BRA"]
[SourceTitle "CBM 178 Extra"]
[Source "ChessBase"]
[SourceDate "2017.06.22"]
[SourceVersion "1"]
[SourceVersionDate "2017.06.22"]
[SourceQuality "1"]

1. d4 d5 2. c4 e5 3. dxe5 d4 4. Nf3 Nc6 5. a3 a5 6. Bf4 Nge7 7. e3 Bg4 8. Be2 dxe3 9. Qxd8+ Rxd8 10. Bxe3 Ng6 11. e6 Bxe6 12. Nc3 Nce5 13. c5 Ng4 14. Bd4 Nf4 15. 0-0 Be7 16. h3 Nf6 17. Rfd1 Nxe2+ 18. Nxe2 0-0 19. Rac1 c6 20. Nf4 Bf5 21. Re1 Rfe8 22. Bc3 a4 23. Ba5 Ra8 24. Bc7 Nd7 25. Nd4 Bg6 26. Nxg6 hxg6 27. Bd6 Bf6 28. Nc2 Rxe1+ 29. Rxe1 Ra5 30. Ne3 Nxc5 31. Nc4 Rb5 32. Re8+ Kh7 33. Bf8 Ne6 34. Nd6 Rxb2 35. Nxf7 Rb1+ 36. Kh2 Kg8 0-1

[Event "Parana-ch"]
[Site "Pirai do Sul"]
[Date "2017.02.03"]
[Round "5"]
[White "Barbosa, Jefferson Lucas Mun"]
[Black "Palozi, Paulo Ricardo"]
[Result "0-1"]
[WhiteElo "2067"]
[BlackElo "2317"]
[PlyCount "38"]
[EventDate "2017.02.01"]
[EventType "swiss"]
[EventRounds "8"]
[EventCountry "BRA"]
[SourceTitle "CBM 176 Extra"]
[Source "ChessBase"]
[SourceDate "2017.03.02"]
[SourceVersion "1"]
[SourceVersionDate "2017.03.02"]
[SourceQuality "1"]

1. e4 e5 2. Nf3 Nc6 3. Bc4 Nf6 4. Ng5 d5 5. exd5 b5 6. Bxb5 Qxd5 7. Qe2 Qxg2 8. Rf1 Bd7 9. d4 h6 10. dxe5 Nd4 11. Bxd7+ Nxd7 12. Qc4 hxg5 13. Qxd4 Rh4 14. Qd3 Re4+ 15. Be3 Nxe5 16. Qb5+ c6 17. Qb7 Rd8 18. Qxa7 Nf3+ 19. Ke2 Nd4+ 0-1

[Event "Caioba Telecom op"]
[Site "Caioba"]
[Date "2016.08.27"]
[Round "3"]
[White "Palozi, Paulo Ricardo"]
[Black "Zini, Jhone Marcelo"]
[Result "1-0"]
[WhiteElo "2305"]
[BlackElo "2093"]
[PlyCount "97"]
[EventDate "2016.08.26"]
[EventType "swiss"]
[EventRounds "6"]
[EventCountry "BRA"]
[SourceTitle "CBM 174 Extra"]
[Source "ChessBase"]
[SourceDate "2016.10.10"]
[SourceVersion "1"]
[SourceVersionDate "2016.10.10"]
[SourceQuality "1"]

1. d4 Nf6 2. c4 g6 3. Nc3 Bg7 4. e4 d6 5. Be2 0-0 6. Bg5 h6 7. Be3 e5 8. d5 Nbd7 9. Qd2 Kh7 10. g4 Ne8 11. h4 a6 12. f3 Rb8 13. b4 c5 14. a3 b6 15. Bd3 Qc7 16. Nge2 b5 17. cxb5 c4 18. b6 Nxb6 19. Bc2 Bd7 20. Ng3 Qd8 21. a4 Bc8 22. a5 Nd7 23. Na4 Nc7 24. Nb2 c3 25. Qxc3 Nb5 26. Qd2 Nd4 27. Bd1 f5 28. h5 fxg4 29. Bxh6 g5 30. Bxg7 Kxg7 31. fxg4 Rf4 32. Nd3 Nf6 33. Nxf4 gxf4 34. g5 Nh7 35. h6+ Kh8 36. g6 Ng5 37. Ra3 Qf6 38. g7+ Kh7 39. Nh5 Qg6 40. Qg2 f3 41. Rxf3 Ndxf3+ 42. Bxf3 Bh3 43. Rxh3 Nxh3 44. Qxh3 Qxh6 45. Qf5+ Kg8 46. Qe6+ Kh7 47. g8Q+ Rxg8 48. Nf6+ Kg7 49. Qxg8+ 1-0

[Event "Curitiba Sul Regional-ch"]
[Site "Curitiba"]
[Date "2015.07.12"]
[Round "6"]
[White "Limberg, Estacio Vermelho"]
[Black "Palozi, Paulo Ricardo"]
[Result "1/2-1/2"]
[WhiteElo "2237"]
[BlackElo "2290"]
[PlyCount "80"]
[EventDate "2015.07.10"]
[EventType "swiss"]
[EventRounds "6"]
[EventCountry "BRA"]
[SourceTitle "EXT 2016"]
[Source "ChessBase"]
[SourceDate "2015.10.08"]
[SourceVersion "1"]
[SourceVersionDate "2015.10.08"]
[SourceQuality "1"]

1. c4 e5 2. Nc3 Nf6 3. g3 Bb4 4. Bg2 0-0 5. Nf3 Bxc3 6. bxc3 e4 7. Ng5 Qe7 8. 0-0 h6 9. Nh3 Nc6 10. Nf4 Qe5 11. Rb1 a6 12. Qc2 Re8 13. d4 Qe7 14. Nd5 Nxd5 15. cxd5 Nd8 16. Bf4 d6 17. c4 b6 18. c5 bxc5 19. dxc5 dxc5 20. Rfc1 Nb7 21. Rb3 c4 22. Re3 Bf5 23. Qxc4 Nd6 24. Bxd6 cxd6 25. Qd4 Qe5 26. Qxe5 Rxe5 27. Rc6 Rxd5 28. Bxe4 Bxe4 29. Rxe4 Re5 30. Rxe5 dxe5 31. a4 a5 32. Rc7 f6 33. Kg2 Kh7 34. Kf3 Kg6 35. h4 h5 36. e3 Ra6 37. Rc5 Kf5 38. e4+ Ke6 39. Ke3 g6 40. f3 Rb6 1/2-1/2

[Event "Curitiba Sul Regional-ch"]
[Site "Curitiba"]
[Date "2015.07.10"]
[Round "2"]
[White "Ribeiro, Regina"]
[Black "Palozi, Paulo Ricardo"]
[Result "0-1"]
[WhiteElo "1980"]
[BlackElo "2290"]
[PlyCount "72"]
[EventDate "2015.07.10"]
[EventType "swiss"]
[EventRounds "6"]
[EventCountry "BRA"]
[SourceTitle "EXT 2016"]
[Source "ChessBase"]
[SourceDate "2015.10.08"]
[SourceVersion "1"]
[SourceVersionDate "2015.10.08"]
[SourceQuality "1"]

1. Nf3 d5 2. g3 g6 3. Bg2 Bg7 4. d4 Nd7 5. c4 e6 6. 0-0 Ngf6 7. Nc3 0-0 8. cxd5 exd5 9. Bf4 c6 10. Qd2 Re8 11. Ne5 Nh5 12. Bg5 Qb6 13. Nxd7 Bxd7 14. Rfd1 f6 15. Be3 Bf8 16. Na4 Qd8 17. Nc5 Bc8 18. Bf3 Ng7 19. Bh6 Bd6 20. h4 Nf5 21. Bf4 b6 22. Nb3 Bf8 23. Qc2 Ne7 24. g4 Be6 25. g5 Nf5 26. gxf6 Nxh4 27. Bg5 Nxf3+ 28. exf3 Qd7 29. Rac1 Rac8 30. Qd2 Bd6 31. Re1 Rf8 32. Re3 Bh3 33. Rce1 Qf5 34. f4 Bg4 35. Re6 Bf3 36. Kh2 Qxg5 0-1

[Event "BRA-ch U26"]
[Site "Brasilia"]
[Date "2015.06.12"]
[Round "6"]
[White "Palozi, Paulo Ricardo"]
[Black "Rocha, Vitor Firmo de Souz"]
[Result "1/2-1/2"]
[WhiteElo "2279"]
[BlackElo "2089"]
[PlyCount "100"]
[EventDate "2015.06.10"]
[EventType "swiss"]
[EventRounds "7"]
[EventCountry "BRA"]
[SourceTitle "CBM 167 Extra"]
[Source "ChessBase"]
[SourceDate "2015.09.14"]
[SourceVersion "1"]
[SourceVersionDate "2015.09.14"]
[SourceQuality "1"]

1. d4 d5 2. c4 e6 3. Nc3 Bb4 4. Nf3 dxc4 5. Qa4+ Nc6 6. a3 Bxc3+ 7. bxc3 Qd5 8. Bf4 Bd7 9. Qc2 Qa5 10. e3 Nf6 11. Bxc4 Nd5 12. Bxd5 exd5 13. 0-0 0-0 14. Nd2 Rac8 15. a4 Qa6 16. Qb3 Ne7 17. Rfb1 b6 18. a5 b5 19. Qa3 Ng6 20. Nb3 Nxf4 21. exf4 Qg6 22. Qe7 Bf5 23. Re1 f6 24. Qe3 Rfe8 25. Qg3 Rcd8 26. Qxg6 Bxg6 27. f3 Bf5 28. Kf2 Kf7 29. Nc5 Bc8 30. g4 Rxe1 31. Rxe1 Rd6 32. f5 Kf8 33. Rb1 a6 34. Re1 Kf7 35. Kg3 Rc6 36. Kf4 h6 37. h4 Rd6 38. Re2 Bd7 39. Nb7 Bc8 40. Nxd6+ cxd6 41. Ra2 Bd7 42. g5 h5 43. gxf6 gxf6 44. Rg2 Bc6 45. Rg6 Be8 46. Ke3 Bd7 47. Kf4 Be8 48. Rg2 Bd7 49. Rg1 Be8 50. Rg6 Bd7 1/2-1/2

[Event "BRA-ch U26"]
[Site "Brasilia"]
[Date "2015.06.11"]
[Round "3"]
[White "Garcia, Gabriel Gonzaga"]
[Black "Palozi, Paulo Ricardo"]
[Result "1/2-1/2"]
[WhiteElo "2062"]
[BlackElo "2279"]
[PlyCount "101"]
[EventDate "2015.06.10"]
[EventType "swiss"]
[EventRounds "7"]
[EventCountry "BRA"]
[SourceTitle "CBM 167 Extra"]
[Source "ChessBase"]
[SourceDate "2015.09.14"]
[SourceVersion "1"]
[SourceVersionDate "2015.09.14"]
[SourceQuality "1"]

1. e4 d5 2. Nc3 dxe4 3. Nxe4 Nf6 4. Nxf6+ gxf6 5. d4 e5 6. Be3 Nc6 7. dxe5 Qxd1+ 8. Rxd1 fxe5 9. Bb5 Rg8 10. Nf3 Bd6 11. c4 f6 12. c5 Be7 13. g3 Bg4 14. Be2 Nb4 15. 0-0 Bh3 16. Bc4 Bxf1 17. Kxf1 Rg7 18. Nh4 Rd8 19. Rc1 Bf8 20. Nf5 Rgd7 21. Be2 Kf7 22. Rc4 Nd5 23. Bh5+ Kg8 24. Rg4+ Kh8 25. Bh6 Bxh6 26. Nxh6 Rf8 27. Nf5 c6 28. Rc4 Ne7 29. Nd6 b6 30. b4 a5 31. Be8 b5 32. Bxd7 bxc4 33. b5 c3 34. Ke2 cxb5 35. Bxb5 Nc8 36. Ne4 c2 37. Kd2 f5 38. Ng5 Rf6 39. Kxc2 h6 40. Nf3 Na7 41. Bd7 Nc6 42. Kc3 Kg7 43. Nh4 Kf8 44. Kc4 f4 45. Kd5 fxg3 46. fxg3 Ne7+ 47. Kxe5 Rf2 48. c6 Rxa2 49. c7 Rxh2 50. Nf5 Rc2 51. Kd6 1/2-1/2

[Event "Parana-ch"]
[Site "Curitiba"]
[Date "2015.02.01"]
[Round "8"]
[White "Palozi, Paulo Ricardo"]
[Black "Silva, Lucas Henrique Da"]
[Result "1-0"]
[WhiteElo "2274"]
[BlackElo "2096"]
[PlyCount "123"]
[EventDate "2015.01.28"]
[EventType "swiss"]
[EventRounds "8"]
[EventCountry "BRA"]
[SourceTitle "CBM 164 Extra"]
[Source "ChessBase"]
[SourceDate "2015.03.02"]
[SourceVersion "1"]
[SourceVersionDate "2015.03.02"]
[SourceQuality "1"]

1. d4 Nf6 2. c4 g6 3. Nc3 Bg7 4. e4 d6 5. Nf3 0-0 6. Be2 Nbd7 7. 0-0 e5 8. dxe5 dxe5 9. Bg5 c6 10. Qd6 Re8 11. Rfd1 Bf8 12. Qd2 Qc7 13. Bh6 Nc5 14. Bxf8 Rxf8 15. Qe3 Ne6 16. h3 Nf4 17. Bf1 Be6 18. Rd2 Nd7 19. Rad1 f6 20. Rd6 Rfe8 21. c5 Nf8 22. g3 Nh5 23. Nh4 Ng7 24. f4 Qe7 25. fxe5 fxe5 26. Nf3 Bf7 27. R1d2 Kh8 28. a4 Bg8 29. a5 a6 30. b4 Rac8 31. Na4 Rc7 32. Nb6 Nh5 33. Kh2 Qg7 34. Bc4 Rce7 35. Bxg8 Kxg8 36. Nc4 h6 37. Qc3 Kh7 38. Nh4 Re6 39. Rf2 Rf6 40. Rdxf6 Nxf6 41. Nd6 Re6 42. Qc4 Qe7 43. Qc1 Qg7 44. Qf1 Qe7 45. Ng2 Kg8 46. Ne3 N8h7 47. Qc4 Kh8 48. Ndf5 Qe8 49. Nxh6 Ng5 50. Neg4 Ngxe4 51. Nxf6 Rxf6 52. Re2 Ng5 53. Ng4 Rf5 54. Qc3 Kh7 55. Qe3 Qe6 56. h4 Nf3+ 57. Kg2 g5 58. Qe4 gxh4 59. Ne3 Nd4 60. Rf2 h3+ 61. Kxh3 Qh6+ 62. Kg2 1-0

[Event "Parana-ch"]
[Site "Curitiba"]
[Date "2015.01.30"]
[Round "5"]
[White "Choma, Ernani Francisco"]
[Black "Palozi, Paulo Ricardo"]
[Result "1-0"]
[WhiteElo "2369"]
[BlackElo "2274"]
[PlyCount "105"]
[EventDate "2015.01.28"]
[EventType "swiss"]
[EventRounds "8"]
[EventCountry "BRA"]
[SourceTitle "CBM 164 Extra"]
[Source "ChessBase"]
[SourceDate "2015.03.02"]
[SourceVersion "1"]
[SourceVersionDate "2015.03.02"]
[SourceQuality "1"]

1. Nf3 c5 2. c4 Nc6 3. d4 cxd4 4. Nxd4 g6 5. Nc3 Bg7 6. Nc2 Nf6 7. e4 0-0 8. Be2 d6 9. 0-0 Bd7 10. Bd2 Rc8 11. Rc1 Ne5 12. b3 Bc6 13. f3 b6 14. Be3 Qd7 15. f4 Neg4 16. Bd2 h5 17. h3 Nh6 18. Bf3 Ne8 19. Nb4 Bb7 20. Qe2 f5 21. Rfe1 Rf7 22. Qd3 e6 23. exf5 exf5 24. Bxb7 Qxb7 25. Nbd5 Kh7 26. Nb5 Bf8 27. Bc3 Ng8 28. Re6 Ng7 29. Nxd6 Qd7 30. Nxf7 Nxe6 31. Ne5 Qe8 32. b4 Rd8 33. Qf3 Bg7 34. Re1 Rd6 35. Qe2 Qf8 36. Qb2 b5 37. Qb3 bxc4 38. Qxc4 Qa8 39. Nc7 Qc8 40. Nxe6 Qxe6 41. Qxe6 Rxe6 42. Rd1 Nf6 43. Nf3 Ra6 44. Ng5+ Kh6 45. b5 Rxa2 46. Ne6 Rc2 47. Be5 Ne8 48. Nxg7 Nxg7 49. Rd8 g5 50. Rh8+ Kg6 51. Rg8 gxf4 52. Rxg7+ Kh6 53. Rxa7 1-0

[Event "Curitiba Terzian Memorial op"]
[Site "Curitiba"]
[Date "2014.11.01"]
[Round "3"]
[White "Fier, Luciano dos Santos"]
[Black "Palozi, Paulo Ricardo"]
[Result "0-1"]
[WhiteElo "1939"]
[BlackElo "2268"]
[PlyCount "48"]
[EventDate "2014.10.31"]
[EventType "swiss"]
[EventRounds "6"]
[EventCountry "BRA"]
[SourceTitle "EXT 2015"]
[Source "ChessBase"]
[SourceDate "2014.11.20"]
[SourceVersion "1"]
[SourceVersionDate "2014.11.20"]
[SourceQuality "1"]

1. Nf3 e6 2. c4 Nf6 3. g3 a6 4. Bg2 Nc6 5. b3 Rb8 6. d4 d5 7. 0-0 Be7 8. Nc3 0-0 9. Bb2 dxc4 10. bxc4 b5 11. cxb5 axb5 12. Re1 Bb7 13. Rc1 Na5 14. Ne5 Bxg2 15. Kxg2 b4 16. Na4 Qd5+ 17. f3 Qxa2 18. Rxc7 Nd5 19. Qa1 Qxa1 20. Rxa1 Nxc7 21. Nd7 Nb3 22. Rd1 Ra8 23. Nxf8 Rxa4 24. Nd7 Ra2 0-1

[Event "Anapolis Liga University"]
[Site "Anapolis"]
[Date "2014.05.30"]
[Round "5.1"]
[White "Palozi, Paulo Ricardo"]
[Black "Caetano, Hugo Zanotti Mendon"]
[Result "1-0"]
[WhiteElo "2256"]
[BlackElo "2178"]
[PlyCount "61"]
[EventDate "2014.05.28"]
[EventType "swiss"]
[EventRounds "7"]
[EventCountry "BRA"]
[SourceTitle "EXT 2022"]
[Source "ChessBase"]
[SourceDate "2021.10.06"]
[SourceVersion "1"]
[SourceVersionDate "2021.10.06"]
[SourceQuality "1"]

1. d4 d5 2. c4 e6 3. Nc3 c6 4. e4 dxe4 5. Nxe4 Bb4+ 6. Bd2 Qxd4 7. Bxb4 Qxe4+ 8. Be2 Qxg2 9. Qd2 Nd7 10. 0-0-0 Qxf2 11. Nf3 Qb6 12. Rhg1 Nh6 13. Rxg7 Nf5 14. Rxf7 Kxf7 15. c5 Qc7 16. Ng5+ Ke7 17. Nxe6 Kxe6 18. Bc4+ Kf6 19. Bc3+ Ne5 20. Qf4 Re8 21. h4 h6 22. h5 Qe7 23. Rg1 Qh7 24. Rg6+ Qxg6 25. hxg6 Kxg6 26. Bxe5 h5 27. Bc3 Be6 28. Qe5 Bxc4 29. Qf6+ Kh7 30. Qxf5+ Kg8 31. Qg6+ 1-0

[Event "Anapolis Liga University"]
[Site "Anapolis"]
[Date "2014.05.29"]
[Round "4.1"]
[White "Abdalla, Luiz Guilherme"]
[Black "Palozi, Paulo Ricardo"]
[Result "1/2-1/2"]
[WhiteElo "2280"]
[BlackElo "2256"]
[PlyCount "48"]
[EventDate "2014.05.28"]
[EventType "swiss"]
[EventRounds "7"]
[EventCountry "BRA"]
[SourceTitle "EXT 2022"]
[Source "ChessBase"]
[SourceDate "2021.10.06"]
[SourceVersion "1"]
[SourceVersionDate "2021.10.06"]
[SourceQuality "1"]

1. Nf3 Nf6 2. c4 e6 3. d4 d5 4. Nc3 c6 5. e3 Nbd7 6. Bd3 dxc4 7. Bxc4 Nb6 8. Bd3 c5 9. 0-0 Bd7 10. Qe2 Rc8 11. Rd1 c4 12. Bc2 Nfd5 13. e4 Nxc3 14. bxc3 Be7 15. a4 a5 16. Ne5 0-0 17. Qg4 Be8 18. Re1 Kh8 19. Re3 f6 20. Rg3 g6 21. Nf3 Bd7 22. Qh4 Qe8 23. e5 f5 24. Bg5 Nd5 1/2-1/2

[Event "Anapolis Liga University"]
[Site "Anapolis"]
[Date "2014.05.29"]
[Round "3.2"]
[White "Palozi, Paulo Ricardo"]
[Black "Garkauskas, Otto Dmitry"]
[Result "1-0"]
[WhiteElo "2256"]
[BlackElo "2149"]
[PlyCount "99"]
[EventDate "2014.05.28"]
[EventType "swiss"]
[EventRounds "7"]
[EventCountry "BRA"]
[SourceTitle "EXT 2022"]
[Source "ChessBase"]
[SourceDate "2021.10.06"]
[SourceVersion "1"]
[SourceVersionDate "2021.10.06"]
[SourceQuality "1"]

1. d4 d5 2. c4 c6 3. Nc3 Nf6 4. Nf3 dxc4 5. a4 Bf5 6. Ne5 Nbd7 7. Nxc4 Qc7 8. g3 e5 9. dxe5 Nxe5 10. Bf4 Nfd7 11. Nxe5 Nxe5 12. Bg2 f6 13. a5 a6 14. Qb3 Qf7 15. Qb6 Rc8 16. Bxe5 fxe5 17. 0-0 Qc7 18. Qb3 Qf7 19. Qa4 Bc5 20. Bd5 Qd7 21. Be4 Be6 22. Bg2 0-0 23. Ne4 Be7 24. Rfd1 Qc7 25. Rd3 Rcd8 26. Qc2 Rxd3 27. Qxd3 Rd8 28. Qe3 Qd7 29. Nc5 Bxc5 30. Qxc5 Qd1+ 31. Rxd1 Rxd1+ 32. Bf1 Bh3 33. Qc4+ Kf8 34. e4 g5 35. f4 Bxf1 36. Qxf1 Rxf1+ 37. Kxf1 exf4 38. gxf4 gxf4 39. Kf2 Kf7 40. Kf3 Kf6 41. Kxf4 h6 42. e5+ Kg6 43. h4 Kg7 44. Kf5 Kf7 45. e6+ Ke7 46. Ke5 h5 47. b4 Ke8 48. Kd6 Kd8 49. e7+ Ke8 50. Ke6 1-0

[Event "Curitiba CC 76 Anniversary"]
[Site "Curitiba"]
[Date "2014.02.02"]
[Round "5"]
[White "Palozi, Paulo Ricardo"]
[Black "Ribeiro, Allysson"]
[Result "1-0"]
[WhiteElo "2256"]
[BlackElo "1855"]
[PlyCount "39"]
[EventDate "2014.01.31"]
[EventType "swiss"]
[EventRounds "6"]
[EventCountry "BRA"]
[SourceTitle "CBM 158 Extra"]
[Source "ChessBase"]
[SourceDate "2014.02.28"]
[SourceVersion "1"]
[SourceVersionDate "2014.02.28"]
[SourceQuality "1"]

1. d4 d5 2. c4 e6 3. Nc3 Be7 4. Nf3 c6 5. cxd5 exd5 6. Qc2 Be6 7. Bf4 Nf6 8. e3 0-0 9. Bd3 Nbd7 10. Ng5 h6 11. Bh7+ Kh8 12. h4 Nh5 13. Bg8 g6 14. Nxe6 fxe6 15. Qxg6 Ndf6 16. Be5 Ng7 17. Bh7 Bd6 18. Qxh6 Nge8 19. Bf5+ Kg8 20. Bxe6+ 1-0

[Event "Maringa op 3rd"]
[Site "Maringa"]
[Date "2013.07.25"]
[Round "3"]
[White "Palozi, Paulo Ricardo"]
[Black "Diaz, Fernando"]
[Result "1-0"]
[WhiteElo "2251"]
[BlackElo "2017"]
[PlyCount "69"]
[EventDate "2013.07.24"]
[EventType "swiss"]
[EventRounds "8"]
[EventCountry "BRA"]
[SourceTitle "CBM 155 Extra"]
[Source "ChessBase"]
[SourceDate "2013.08.26"]
[SourceVersion "1"]
[SourceVersionDate "2013.08.26"]
[SourceQuality "1"]

1. d4 Nf6 2. c4 e6 3. Nc3 Bb4 4. a3 Bxc3+ 5. bxc3 c5 6. Qc2 Nc6 7. Nf3 d6 8. Bf4 Qe7 9. Bg3 0-0 10. Rd1 e5 11. e3 Bg4 12. Be2 Rfe8 13. 0-0 Rac8 14. Bh4 e4 15. Ne5 Bxe2 16. Nxc6 bxc6 17. Qxe2 Qe6 18. Bxf6 Qxf6 19. Rb1 Rb8 20. Qc2 Qe7 21. Rb3 f5 22. Rfb1 Qc7 23. Qb2 Rxb3 24. Qxb3 Rc8 25. Qb7 g6 26. h3 Kf8 27. Qa6 Rb8 28. Rxb8+ Qxb8 29. Qxc6 Qb6 30. Qd7 Kg8 31. d5 a5 32. a4 h6 33. Qe6+ Kg7 34. Qe7+ Kg8 35. Qf6 1-0